[Event "26th ChessOrg Schachfestival"]
[Site "Bad Woerishofen GER"]
[Date "2010.03.09"]
[Round "4"]
[White "Abergel,T"]
[Black "Pluemer,D"]
[Result "1-0"]
[WhiteElo "2547"]
[BlackElo "2183"]

1.d4 d5 2.Nf3 Nf6 3.c4 c6 4.Qc2 dxc4 5.Qxc4 Bf5 6.Nc3 Nbd7 7.g3 e6 8.Bg2 a5
9.a4 Qb6 10.O-O Qa6 11.Qa2 Nd5 12.Qb3 Nb4 13.e4 Bg4 14.Be3 Nb6 15.Ne5 Bh5
16.Rfe1  1-0

[Event "ITT Benko Club Argentino"]
[Site "Buenos Aires ARG"]
[Date "2010.03.09"]
[Round "2"]
[White "Perelman,H"]
[Black "Granara Barreto,S"]
[Result "1/2-1/2"]
[WhiteElo "2312"]
[BlackElo "2209"]

1.d4 d5 2.Nf3 Nf6 3.c4 c6 4.Qc2 dxc4 5.Qxc4 Bf5 6.g3 e6 7.Bg2 Nbd7 8.O-O Be7
9.Nc3 Ne4 10.Ne1 Nd6 11.Qa4 h6 12.e4 Bh7 13.Nd3 O-O 14.Rd1 Qc8 15.Bf4 Nb6
16.Qb3 Ndc4 17.a4 Na5 18.Qa2 g5 19.Bc1 c5 20.dxc5 Bxc5 21.Nxc5 Qxc5 22.Be3 Qb4
23.Rd4 Qb3 24.Bf1 Qxa2 25.Rxa2 Nc6 26.Rd2 Ne5 27.Rc2 Rfd8 28.Be2 Nbc4 29.Bc1 Nd3
30.b3 Nce5 31.Ba3 Rac8 32.Kf1 a6 33.f3 Rc6 34.Nb1 Rxc2 35.Rxc2 g4 36.f4 Nc6
37.Nc3 Ndb4 38.Rc1 h5 39.Rd1 Rc8 40.Rd7 Nc2 41.Bb2 N2d4 42.Bc4 Nf3 43.Kg2 Na5
44.Be2 Ne1+ 45.Kf2 Nc2 46.f5 Nxb3 47.Rxb7 Nc5 48.Ra7 Nb4 49.fxe6 fxe6 50.Nd5 Rf8+
51.Kg1 Rf7 52.Ra8+ Rf8 53.Nf6+ Kf7 54.Ra7+ Kg6 55.Nxh7 Rd8 56.Ba3 a5 57.Rxa5 Ncd3
58.Ng5 e5 59.Ne6 Rc8 60.Rb5 Rc2 61.Bxd3 Nxd3 62.Nf8+ Kf7 63.Nd7 Ra2 64.Nxe5+ Nxe5
65.Rxe5 Rxa3 66.Rxh5 Rxa4 67.Rf5+ Kg6 68.Re5 Kf6 69.Rf5+ Kg6 70.Rf4 Kg5 71.h4+ gxh3
72.Kh2 Ra2+ 73.Kxh3 Re2 74.Rf5+ Kg6 75.Re5 Kf6 76.Re8 Kf7 77.Re5 Kf6 78.Rf5+ Kg6
79.Rf4 Kg5 80.Rg4+ Kh5 81.Rf4 Kg5 82.Rh4 Kg6 83.Rg4+ Kh5 84.Rg8 Rxe4 85.g4+ Kh6
86.Rb8 Re6 87.Kh4 Ra6 88.g5+ Kg6 89.Rg8+ Kh7 90.Rb8 Kg6  1/2-1/2

[Event "26th ChessOrg Schachfestival"]
[Site "Bad Woerishofen GER"]
[Date "2010.03.11"]
[Round "6"]
[White "Arnaudov,P"]
[Black "Rozentalis,E"]
[Result "1/2-1/2"]
[WhiteElo "2216"]
[BlackElo "2628"]

1.Nf3 d5 2.d4 c6 3.c4 dxc4 4.e3 Be6 5.Qc2 Nf6 6.Nbd2 Qa5 7.Bxc4 Bxc4 8.Qxc4 Nbd7
9.O-O e5 10.e4 Be7 11.Qe2 exd4 12.Nc4 Qh5 13.e5 d3 14.Qxd3 Nd5 15.Bg5 Qg6
16.Qd2 Bxg5 17.Qxg5 O-O 18.Qxg6  1/2-1/2

[Event "26th ChessOrg Schachfestival"]
[Site "Bad Woerishofen GER"]
[Date "2010.03.13"]
[Round "8"]
[White "Farago,I"]
[Black "Vandrey,W"]
[Result "1-0"]
[WhiteElo "2476"]
[BlackElo "2295"]

1.d4 d5 2.c4 c6 3.Nf3 dxc4 4.e3 Be6 5.Nbd2 Nf6 6.Qc2 b5 7.a4 Bd7 8.b3 cxb3
9.Nxb3 e6 10.Bd2 Be7 11.Ba5 Qc8 12.axb5 O-O 13.Ne5 cxb5 14.Qxc8 Rxc8 15.Nxd7 Nbxd7
16.Bxb5 Rab8 17.Bxd7 Nxd7 18.Nd2 e5 19.Ke2 exd4 20.exd4 Nf6 21.Rhb1 Nd5 22.g3 f6
23.Kd3 Kf7 24.Rxb8 Rxb8 25.Kc4 Nb4 26.Ne4 Rc8+ 27.Nc5 Nc6 28.Bc3 Bxc5 29.dxc5 Rc7
30.f4 Ke6 31.Rd1 Ke7 32.g4 Rd7 33.Rg1 Kd8 34.h4 Kc7 35.h5 Re7 36.g5 f5 37.g6 h6
38.Re1 Rxe1 39.Bxe1 Nd8 40.Kd5 Kd7 41.Bc3 Ne6 42.c6+ Ke7 43.Be5  1-0

[Event "FSIM March"]
[Site "Budapest HUN"]
[Date "2010.03.13"]
[Round "8"]
[White "Tran,T"]
[Black "Farago,S"]
[Result "1-0"]
[WhiteElo "2203"]
[BlackElo "2256"]

1.d4 d5 2.Nf3 c6 3.c4 Nf6 4.Qc2 e6 5.g3 Nbd7 6.Bg2 Bb4+ 7.Bd2 Bd6 8.O-O O-O
9.Bf4 Bxf4 10.gxf4 Nh5 11.e3 f5 12.Nc3 Qe8 13.cxd5 exd5 14.b4 Nb6 15.Ne5 Nf6
16.a4 a6 17.b5 cxb5 18.axb5 a5 19.Ra3 Be6 20.Rc1 Qd8 21.Qa2 Nc8 22.Na4 b6
23.Rc6 Re8 24.Rac3 Ne4 25.Rc2 Rb8 26.Nc3 Ncd6 27.Nxe4 fxe4 28.Qb3 Rb7 29.f3 Rbe7
30.fxe4 dxe4 31.d5 Bf7 32.Nxf7 Rxf7 33.Bh3 Rff8 34.Be6+ Kh8 35.Qb2 Rf6 36.Rg2 Nf7
37.Rc8 Qe7 38.Qa3 Rxe6 39.Rxe8+ Qxe8 40.dxe6 Nh6 41.Qc3 Nf5 42.Qe5 Qf8 43.Qxe4 h6
44.h3 a4 45.Ra2 Qc5 46.Rc2 Qf8 47.Qxa4 Nxe3 48.Re2 Nd5 49.e7 Nxe7 50.Qb4 Ng6
51.Qxf8+ Nxf8 52.Re8 Kg8 53.Rb8 Kf7 54.Rxb6 Ne6 55.Rc6 Nd4 56.Rc7+ Ke8 57.b6 Kd8
58.Rc4  1-0

[Event "TCh-AUT 2009-10"]
[Site "Baden AUT"]
[Date "2010.03.20"]
[Round "11"]
[White "Schweda,R"]
[Black "Krpelan,W"]
[Result "1-0"]
[WhiteElo "2432"]
[BlackElo "2272"]

1.d4 d5 2.c4 c6 3.Nf3 Nf6 4.Qc2 dxc4 5.Qxc4 Bf5 6.Nc3 e6 7.g3 Nbd7 8.Bg2 Be7
9.O-O O-O 10.Re1 Ne4 11.Qb3 Qb6 12.Nh4 Qxb3 13.axb3 Bb4 14.g4 Nxc3 15.gxf5 Nb5
16.Rd1 Be7 17.fxe6 fxe6 18.Nf3 Bf6 19.Bh3 Rfe8 20.Bf4 Rad8 21.e3 a6 22.Ng5 Nf8
23.Ne4 Be7 24.Rac1 h6 25.Kf1 Rd7 26.Ke2 Bd8 27.Rg1 Kh7 28.Be5 Ng6 29.Rxg6 Kxg6
30.Rg1+ Kh7 31.Nc5 Rde7 32.Nxe6 Bc7 33.Bf5+ Kh8 34.Nxc7 Nxc7 35.Bd6 Rf8 36.Bd3 Ref7
37.Bxf8 Rxf8 38.Bc4 Rf6 39.e4 Rf4 40.Ke3 Rh4 41.Rg6 Rxh2 42.Rd6 Nb5 43.Rd7 h5
44.e5 Rh1 45.e6 Re1+ 46.Be2 Kg8 47.Rd8+ Kh7 48.Kd2  1-0

[Event "26th Budapest Spring Festival"]
[Site "Budapest HUN"]
[Date "2010.03.22"]
[Round "3"]
[White "Toth,Li"]
[Black "Juhasz,A"]
[Result "1/2-1/2"]
[WhiteElo "2198"]
[BlackElo "1877"]

1.d4 d5 2.Nf3 Nf6 3.c4 c6 4.g3 Bf5 5.Bg2 e6 6.O-O Be7 7.Nc3 O-O 8.b3 Nbd7
9.Bb2 a6 10.Nd2 Qb6 11.e4 dxe4 12.Ndxe4 Nxe4 13.Nxe4 Nf6 14.Nc3 Rad8 15.Na4 Qc7
16.Qc1 Be4 17.Qe3 Bxg2 18.Kxg2 Qa5 19.Bc3 Qh5 20.h3 b5 21.Nc5 bxc4 22.bxc4 Bxc5
23.dxc5 Qf5 24.Rad1 Qc2 25.Rd4 Rxd4 26.Qxd4 Qe4+ 27.Kg1 h6 28.Re1 Qc2 29.Qd2 Qf5
30.Bxf6 Qxf6 31.Qd6 Rc8 32.Rd1 Qf3 33.Rd4 g5 34.h4 Kg7 35.Rd3 Qg4 36.Rd4 Qf3
37.Rd3 Qe4 38.Re3 Qxc4 39.Qd7 Rb8 40.Rf3 e5 41.hxg5 hxg5 42.Qf5 Qe6 43.Qxg5+ Kf8
44.Rb3 Rxb3 45.Qd8+ Kg7 46.axb3 Qxb3 47.Qg5+ Kf8 48.Qh6+ Kg8 49.Qxc6 Qd1+
50.Kh2 Qd4 51.Kg2 Kg7 52.Qc7 Qe4+ 53.Kf1 Qh1+ 54.Ke2 Qe4+ 55.Kf1 Qh1+  1/2-1/2

[Event "ch-VIE"]
[Site "Ho Chi Minh City VIE"]
[Date "2010.03.27"]
[Round "3"]
[White "Tu Hoang Thong"]
[Black "Nguyen Thien Viet"]
[Result "0-1"]
[WhiteElo "2483"]
[BlackElo "2330"]

1.d4 d5 2.Nf3 Nf6 3.c4 c6 4.Nbd2 a6 5.e3 b5 6.cxd5 cxd5 7.a4 b4 8.a5 e6 9.Ne5 Bd6
10.Qa4+ Bd7 11.Nxd7 Qxd7 12.Qxd7+ Nfxd7 13.Be2 Ke7 14.O-O Rc8 15.Nb3 Ra7
16.Bd2 h6 17.Bd3 f5 18.f3 Rac7 19.Rae1 Rf8 20.Ra1 Rfc8 21.Ra4 Rb7 22.h3 h5
23.Rc1 Rxc1+ 24.Nxc1 Nf6 25.b3 Ne8 26.Na2 Nc7 27.Nxb4 Kd7 28.Kf2 g6 29.Ke2 Ke7
30.Kd1 Kd7 31.Kc2 Ke7 32.Kb2 Kd7 33.Nc2 Nc6 34.Ra1 Rb8 35.Rg1 Rh8 36.Be2 Bh2
37.Rc1 Bd6 38.Ne1 f4 39.exf4 Nxd4 40.Bd1 Ncb5 41.Nd3 Ba3+ 42.Kb1 Bxc1 43.Kxc1 Nc6
44.b4 Kd6 45.Bc2 Ncd4 46.Bd1 h4 47.Nc5 Rc8 48.Kb2 Rc6 49.Be1 Nf5 50.Ba4 Rxc5
51.bxc5+ Kxc5 52.Bc2 Nbd4 53.Bd3 Ne3 54.Bxh4 Nxg2 55.Bf2 Nxf4 56.Bxa6 e5
57.h4 Kc6 58.Bxd4 exd4 59.Bf1 d3 60.Kc3 d4+ 61.Kd2 Kb5 62.Bxd3+ Kxa5 63.Bxg6 Nxg6
64.h5 Nf4 65.h6 Kb4 66.h7 Ng6 67.Kd3 Kc5 68.Ke4 Nh8 69.Kd3 Kd5 70.f4 Nf7
71.f5 Ke5 72.f6 Nh8 73.Kc4 Ke4 74.Kc5 d3 75.Kd6 Kf5 76.Ke7 Kg6  0-1

[Event "5th MGU Open"]
[Site "Sofia BUL"]
[Date "2010.03.27"]
[Round "1"]
[White "Tsekov,S"]
[Black "Naidenova,Yordanka"]
[Result "1-0"]
[WhiteElo "2227"]
[BlackElo "1926"]

1.d4 d5 2.Nf3 Nf6 3.c4 c6 4.g3 e6 5.Bg2 Be7 6.O-O O-O 7.Qc2 Nbd7 8.Nbd2 c5
9.Rd1 Qc7 10.cxd5 Nxd5 11.a3 N7f6 12.e4 cxd4 13.Nxd4 Qxc2 14.Nxc2 Nb6 15.Nb3 e5
16.Ne3 Be6 17.Na5 Rab8 18.Bd2 Na4 19.Nd5 Nxd5 20.exd5 Bg4 21.Re1 f6 22.Be3 Nb6
23.Rac1 Rfd8 24.h3 Bh5 25.d6 Rxd6 26.Nxb7 Rd7 27.Nc5 Rc7 28.Na6 Rxc1 29.Rxc1 Rc8
30.Rc7 Rxc7 31.Nxc7 Nc4 32.Bd5+ Bf7 33.Bxc4 Bxc4 34.Bxa7 Bd8 35.Ne8 Kf8 36.Nd6 Bb3
37.Bc5 Be7 38.Ne4 f5 39.Bxe7+ Kxe7 40.Nd2 Bc2 41.Kf1 Kd6 42.Ke2 Kc5 43.Nf3 e4
44.Ng5 Kc4 45.Nxh7 Kb3 46.Ke3 Kxb2 47.Kf4 Kxa3 48.Nf8 Kb3 49.Ne6 Kc3 50.Nxg7 Kd2
51.Nxf5 Ke2 52.Nd4+  1-0

[Event "ch-VIE"]
[Site "Ho Chi Minh City VIE"]
[Date "2010.03.28"]
[Round "5"]
[White "Ton That Nhu Tung"]
[Black "Le Huu Thai"]
[Result "1-0"]
[WhiteElo "2279"]
[BlackElo "1916"]

1.d4 d5 2.c4 c6 3.Nf3 Nf6 4.Qc2 g6 5.Nc3 Bf5 6.Qb3 Qd7 7.cxd5 Nxd5 8.Ne5 Qe6
9.Qxb7 Nb6 10.e4 Qc8 11.Qxc8+ Bxc8 12.Be3 Bg7 13.Nc4 O-O 14.Be2 Ba6 15.Na5 Bxe2
16.Nxe2 Rc8 17.Rc1 e5 18.O-O exd4 19.Bxd4 Bxd4 20.Nxd4 c5 21.Nb5 Nc6 22.Nb7 Nd4
23.Nc3 Rab8 24.Nd6 Rd8 25.e5 Nd7 26.Nc4 Nf8 27.f4 Nfe6 28.b3 Nc6 29.g3 Rd4
30.Ne2 Rd7 31.Nd6 f5 32.Rfd1 Kf8 33.Kf2 Ke7 34.Nc3 Ncd4 35.Nd5+ Kf8 36.Rc4 h6
37.Nc3 Rb6 38.Na4 Ra6 39.Ke3 Nb5 40.Nxc5 Nxc5 41.Rxc5 Nxd6 42.Rxd6 Raxd6
43.exd6 Rxd6 44.Rc7 Ra6 45.a4 Rb6 46.Rxa7 Rxb3+ 47.Kd4 g5 48.Ra5 gxf4 49.gxf4  1-0

[Event "TCh-AUT 2009-10"]
[Site "Baden AUT"]
[Date "2010.03.29"]
[Round "10"]
[White "Kilgus,G"]
[Black "Ruck,R1"]
[Result "0-1"]
[WhiteElo "2384"]
[BlackElo "2556"]

1.d4 d5 2.c4 c6 3.Nf3 Nf6 4.Qc2 g6 5.e3 Bg7 6.Be2 O-O 7.O-O Na6 8.Nc3 dxc4
9.Bxc4 Nb4 10.Qb3 Nbd5 11.Bd2 Nb6 12.Be2 Bf5 13.a4 a5 14.Rfc1 h6 15.Ne5 Be6
16.Qd1 Nbd7 17.Nd3 Bf5 18.Qb3 Bxd3 19.Bxd3 Nc5 20.dxc5 Qxd3 21.Rd1 Ne4 22.Be1 Nxc5
23.Qb6 Qc4 24.Rab1 Ra6 25.Qc7 Qe6 26.Ne2 Be5  0-1

[Event "17th TCh-RUS Higher League"]
[Site "Dagomys RUS"]
[Date "2010.04.02"]
[Round "1"]
[White "Yaksin,O"]
[Black "Bocharov,D"]
[Result "0-1"]
[WhiteElo "2400"]
[BlackElo "2597"]

1.d4 d5 2.c4 c6 3.Nf3 Nf6 4.Qc2 e6 5.Bg5 dxc4 6.Qxc4 b5 7.Qc2 Bb7 8.e3 Nbd7
9.Nbd2 Rc8 10.Be2 a6 11.a4 Be7 12.O-O O-O 13.Bxf6 gxf6 14.Rfd1 Qb6 15.e4 c5
16.d5 Rfd8 17.Nf1 Nf8 18.b3 exd5 19.exd5 Rxd5 20.axb5 axb5 21.Ne3 Rdd8 22.Bd3 Ng6
23.h4 Kh8 24.Bf5 Rxd1+ 25.Rxd1 Rg8 26.Be4 Bxe4 27.Qxe4 Qe6 28.Qxe6 fxe6 29.Rd7 h5
30.Rb7 b4 31.Kf1 Ra8 32.g3 Kg8 33.g4 hxg4 34.Nxg4 f5 35.Nge5 Nxe5 36.Nxe5 Bxh4
37.Ng6 Bf6 38.Nf4 Ra6  0-1

[Event "ch-VIE Playoff"]
[Site "Ho Chi Minh City VIE"]
[Date "2010.04.02"]
[Round "2.1"]
[White "Tu Hoang Thai"]
[Black "Tran Quoc Dung"]
[Result "0-1"]
[WhiteElo "2390"]
[BlackElo "2229"]

1.d4 d5 2.Nf3 Nf6 3.c4 c6 4.Qc2 g6 5.Bf4 Bg7 6.e3 O-O 7.Nc3 c5 8.dxc5 Na6
9.Rd1 Bf5 10.Qa4 Nxc5 11.Qa3 Qb6 12.cxd5 Nce4 13.Na4 Qd8 14.Be5 Ng4 15.Bg3 b5
16.Nc3 Nxc3 17.bxc3 Rc8 18.Nd4 Qxd5 19.h3 Nf6 20.f3 Be6 21.Nxb5 Qxa2 22.Qxa2 Bxa2
23.c4 a6 24.Nc7 Nh5 25.Bh2 Rfd8 26.Rxd8+ Rxd8 27.Be2 Bc3+ 28.Kf2 Rd2 29.Nd5 Rxe2+
30.Kxe2 Bxc4+ 31.Kd1 Bxd5 32.Kc2 Bb4 33.Ra1 Bc4 34.Rd1 a5 35.Rd8+ Kg7 36.g4 Nf6
37.Be5 g5 38.f4 Kh6 39.h4 Nxg4 40.hxg5+ Kh5 41.Bd4 e5 42.Bb6 Nf2 43.Rh8 Kg4
44.Kb2 a4 45.Rxh7 a3+ 46.Kc1 Nd3+ 47.Kc2 a2 48.Rh1 Ne1+  0-1

[Event "ch-VIE Playoff"]
[Site "Ho Chi Minh City VIE"]
[Date "2010.04.02"]
[Round "2.1"]
[White "Duong The Anh"]
[Black "Nguyen Thien Viet"]
[Result "0-1"]
[WhiteElo "2425"]
[BlackElo "2330"]

1.d4 d5 2.Nf3 Nf6 3.c4 c6 4.Qb3 Qb6 5.Nc3 Nbd7 6.g3 g6 7.Bg2 Bg7 8.O-O O-O
9.cxd5 Qxb3 10.axb3 Nxd5 11.Nxd5 cxd5 12.Be3 Nb8 13.b4 Nc6 14.b5 Nb4 15.Rfc1 Bd7
16.Bg5 Rfe8 17.Rc7 Bxb5 18.Rxb7 a6 19.Rc1 Rac8 20.Rxc8 Rxc8 21.Rxe7 Rc2 22.Rb7 h6
23.Bf4 Rxb2 24.h4 Bc4 25.Rb8+ Kh7 26.Ne5 a5 27.e4 f6 28.Nd7 dxe4 29.h5 Bd5
30.Bc7 a4 31.Nb6 a3 32.Nxd5 a2 33.Ra8 Nxd5 34.hxg6+ Kxg6 35.Bxe4+ f5 36.Bxd5 Rb1+
37.Kg2 a1=Q 38.Rxa1 Rxa1 39.Be5 Bxe5 40.dxe5 Ra5 41.Bc6 Rxe5 42.Bb7 Rb5 43.Bc6 Rc5
44.Bb7 Kg5 45.f4+ Kg6 46.Bf3 Rc2+ 47.Kh3 Rf2 48.Bc6 Kf6 49.Bb7 h5 50.Bc6 h4
51.gxh4 Rxf4 52.Bb5 Rf3+ 53.Kg2 Rb3 54.Bc6 Ke5 55.h5 Kf4 56.Bd5 Rd3 57.Bf7 Kg4
58.Bg6 Rd2+ 59.Kf1 Kg5 60.Ke1 Rb2 61.Kf1 f4 62.Bf7 f3 63.Bd5 Kf4  0-1

[Event "21st Pobeskydi Distep Cup"]
[Site "Frydek-Mistek CZE"]
[Date "2010.04.04"]
[Round "8"]
[White "Straka,Jos"]
[Black "Pacher,M"]
[Result "0-1"]
[WhiteElo "2246"]
[BlackElo "2363"]

1.Nf3 d5 2.d4 c6 3.c4 Nf6 4.Qc2 e6 5.Bg5 Nbd7 6.e3 Qa5+ 7.Nc3 Ne4 8.cxd5 exd5
9.Bd3 Nxg5 10.Nxg5 h6 11.Nf3 Bd6 12.O-O O-O 13.a3 Qd8 14.b4 a6 15.Na4 Re8
16.Nc5 Nf8 17.Bf5 b6 18.Bxc8 Qxc8 19.Nd3 Qe6 20.Rac1 Rec8 21.Qb2 Nd7 22.Rc3 b5
23.Nc5 Nxc5 24.dxc5 Be5 25.Nd4 Qf6 26.Rd3 a5 27.a4 Rcb8 28.bxa5 Rxa5 29.axb5 Raxb5
30.Qc3 Rb4 31.f4 Bxd4 32.exd4 Rb2 33.Qe1 Qf5 34.Qg3 Qe4 35.f5 Rxg2+ 36.Qxg2 Qxd3
37.Qg4 Re8 38.f6 g6 39.Qh4 Re2 40.Qf4 g5 41.Qb8+ Kh7 42.Qb1 Rd2 43.Qxd3+ Rxd3
44.Rb1 Rxd4 45.Rb6 Kg6 46.Rxc6 Rc4 47.Kf2 Rc2+ 48.Kg3 h5 49.h3 Kf5 50.Kf3 Rc3+
51.Kg2 g4 52.hxg4+ hxg4 53.Kf2 g3+ 54.Kg2 Kg4 55.Ra6 Rc2+ 56.Kg1 Kh3 57.Ra1 d4  0-1

[Event "Open"]
[Site "Thessaloniki GRE"]
[Date "2010.04.07"]
[Round "4"]
[White "Thorsteinsson,T"]
[Black "Kafetzis,G"]
[Result "1-0"]
[WhiteElo "2271"]
[BlackElo "1929"]

1.d4 d5 2.Nf3 c6 3.c4 Nf6 4.Qc2 dxc4 5.Qxc4 Bf5 6.g3 e6 7.Bg2 Nbd7 8.O-O Be7
9.Nc3 O-O 10.Qb3 Qb6 11.Nd2 Rac8 12.e4 Bg6 13.Nc4 Qb4 14.Bd2 Qxb3 15.axb3 b5
16.Ne5 Nxe5 17.dxe5 Nd7 18.Rxa7 Rfd8 19.Be3 Bc5 20.Rxd7 Rxd7 21.Bxc5 Rd2
22.b4 Rxb2 23.Re1 Bh5 24.h3 Rc2 25.g4 Rxc3 26.gxh5 Rd8 27.Ra1 h6 28.Ra7 Rc8
29.Rd7 Ra3 30.h4 Raa8 31.Rd6 Ra2 32.Bh3 Kh7 33.Bg4 Rc2 34.Kg2 Rc3 35.Rd7 Kg8
36.Re7 Rb8 37.Rc7 Rd3 38.Rxc6 Rdd8 39.Rd6  1-0

[Event "Open"]
[Site "Thessaloniki GRE"]
[Date "2010.04.09"]
[Round "6"]
[White "Tantsis,G"]
[Black "Kafetzis,G"]
[Result "0-1"]
[WhiteElo "2192"]
[BlackElo "1929"]

1.d4 d5 2.c4 c6 3.Nf3 Nf6 4.Qc2 dxc4 5.Qxc4 Bf5 6.Nc3 e6 7.g3 Nbd7 8.Bg2 Be7
9.O-O O-O 10.Re1 Bg6 11.Bg5 Nd5 12.Bxe7 Qxe7 13.e4 N5b6 14.Qb3 Rfd8 15.Rad1 Bh5
16.h3 Bxf3 17.Bxf3 e5 18.Bg2 exd4 19.Rxd4 Nc5 20.Rxd8+ Rxd8 21.Qc2 Nc4 22.Rd1 b5
23.b3 Na3 24.Rxd8+ Qxd8 25.Qc1 b4 26.Ne2 Qd6 27.Nf4 Nb5 28.Qe1 Nc3 29.Kh2 Ne6
30.e5 Qd4 31.Nxe6 fxe6 32.Bxc6 Nxa2 33.Bb5 Nc3 34.Bc4 Kf7 35.h4 Ne4 36.Kg2 Nd2
37.Qd1 Qe4+ 38.Kh3 Qf5+ 39.Kg2 Nxc4 40.Qd7+ Kf8 41.Qd8+ Kf7 42.Qc7+ Kg6 43.Qxc4 Qxe5
44.Qxb4 Qd5+ 45.Kh2 a5 46.Qb8 h5 47.Qf4 Qf5 48.Qe3 Qd5 49.Kg1 Kf7 50.Kf1 Qd1+
51.Kg2 Qd5+ 52.Qf3+ Ke7 53.Qxd5 exd5 54.g4 hxg4 55.Kg3 Ke6 56.Kxg4 Ke5 57.Kf3 Kd4
58.Ke2 Kc3 59.h5 d4 60.Kd1 Kd3 61.f4 Ke4 62.Ke2 Kxf4 63.Kd3 Ke5 64.Kd2 Ke4
65.Ke2 d3+ 66.Kd2 Kd4  0-1

[Event "Open"]
[Site "Thessaloniki GRE"]
[Date "2010.04.11"]
[Round "9"]
[White "Stella,A"]
[Black "Skoulakis,C"]
[Result "1-0"]
[WhiteElo "2283"]
[BlackElo "2111"]

1.d4 d5 2.c4 c6 3.Nf3 Nf6 4.Nbd2 g6 5.e3 Bg7 6.Be2 O-O 7.O-O a5 8.b3 a4 9.b4 Ne4
10.Bd3 Bf5 11.Qc2 Nxd2 12.Bxd2 e6 13.Rab1 Nd7 14.b5 Nb6 15.Bxf5 gxf5 16.cxd5 cxd5
17.Rfc1 Rc8 18.Qd1 Qd7 19.Bb4 Rfe8 20.Bc5 Nc4 21.Qxa4 b6 22.Bb4 Ra8 23.Qc2 Qxb5
24.Nd2 Rec8 25.Bc5 Qxb1 26.Qxb1 Nxd2 27.Qxb6 Rxa2 28.h4 Nc4 29.Qb7 Rca8 30.Rb1 h6
31.Kh2 Ra1 32.Rxa1 Rxa1 33.Qc8+ Kh7 34.Qe8 f4 35.Qxf7 fxe3 36.Bf8  1-0

[Event "TCh-NED 2009-10"]
[Site "Netherlands NED"]
[Date "2010.04.18"]
[Round "9"]
[White "Hoeksema,E"]
[Black "Timmermans,I"]
[Result "1/2-1/2"]
[WhiteElo "2328"]
[BlackElo "2237"]

1.d4 d5 2.c4 c6 3.Nf3 Nf6 4.Qc2 dxc4 5.Qxc4 b5 6.Qc2 Bb7 7.Bg5 e6 8.Nbd2 Nbd7
9.e3 Be7 10.Bd3 O-O 11.O-O h6 12.Bxf6 gxf6 13.Nb3 Qb6 14.Rac1 a5 15.Nc5 Nxc5
16.dxc5 Qa7 17.Nd4 Rfd8 18.Be4 f5 19.Bf3 Rac8 20.Rfd1 Rc7 21.g4 fxg4 22.Bxg4 Bc8
23.Bxe6 Bxe6 24.Nxe6 Rxd1+ 25.Rxd1 Rd7 26.Rxd7 Qxd7 27.Nd4 Bxc5 28.Qxc5  1/2-1/2

[Event "Open"]
[Site "Bar MNE"]
[Date "2010.04.22"]
[Round "7"]
[White "Rusev,K"]
[Black "Georgiev,Vl"]
[Result "1/2-1/2"]
[WhiteElo "2543"]
[BlackElo "2575"]

1.d4 d5 2.Nf3 Nf6 3.c4 c6 4.Qc2 dxc4 5.Qxc4 Bf5 6.g3 e6 7.Bg2 Nbd7 8.O-O Be7
9.Nc3 O-O 10.Qb3 Qb6 11.Re1 Ne4 12.Nh4 Bxh4 13.gxh4 Nef6  1/2-1/2

[Event "ch-CZE"]
[Site "Ostrava CZE"]
[Date "2010.05.01"]
[Round "1"]
[White "Konopka,M"]
[Black "Nemcova,Kat"]
[Result "1/2-1/2"]
[WhiteElo "2458"]
[BlackElo "2247"]

1.Nf3 d5 2.d4 Nf6 3.c4 c6 4.Qc2 g6 5.Bf4 Nbd7 6.e3 Bg7 7.Nc3 a6 8.cxd5 cxd5
9.Be2 O-O 10.O-O b6 11.Rac1 Bb7 12.Qb3 Rc8 13.h3 h6 14.Rc2 e6 15.Rfc1 Ne8
16.a4 f5 17.h4 Rf7 18.Na2 Rxc2 19.Rxc2 Bf6 20.Nb4 g5 21.hxg5 hxg5 22.Bg3 g4
23.Nd2 Bh4 24.Bxa6 Bxa6 25.Nxa6 Bxg3 26.fxg3 Nef6 27.Rc6 Ne4 28.Nxe4 fxe4
29.Rxe6 Qc8 30.Rg6+ Kh7 31.Rxg4 Qc1+ 32.Kh2 Rf1 33.Rh4+ Kg6 34.Rg4+ Kh6 35.Rh4+ Kg6  1/2-1/2

[Event "ch-CZE"]
[Site "Ostrava CZE"]
[Date "2010.05.04"]
[Round "4"]
[White "Obsivac,J"]
[Black "Olsarova,K"]
[Result "1/2-1/2"]
[WhiteElo "2295"]
[BlackElo "2191"]

1.d4 d5 2.c4 c6 3.Nf3 Nf6 4.Qb3 Qb6 5.c5 Qc7 6.g3 b6 7.Bf4 Qb7 8.cxb6 axb6
9.Bg2 Bf5 10.Nc3 e6 11.Nh4 Be7 12.Nxf5 exf5 13.O-O O-O 14.Rfc1 Nbd7 15.Bd2 Rfe8
16.a4 Ra7 17.Qc2 g6 18.e3 Qa8 19.b3 Nb8 20.Ne2 Ne4 21.Be1 Bf6 22.Ra2 Bg5
23.Rca1 Ree7 24.Nc1 Bf6 25.Ne2 Bg5 26.Rd1 Qb7 27.Nc1 Re8 28.Nd3 Be7 29.b4 Nd7
30.Rc1 Rc8 31.Nf4 Nd6 32.Qb3 Nf6 33.Rac2 g5 34.Nd3 Nc4 35.Ne5 b5 36.a5 Ne4
37.Nd3 Qd7 38.Nc5 Qd6 39.f3 Nxc5 40.dxc5 Qe6 41.Bf2 Bf6 42.Re1 Re8 43.Ra2 Bg7
44.h3 Qf6 45.Qb1 Ne5 46.Rae2 Nc4 47.e4 fxe4 48.fxe4 Qg6 49.Qb3 d4 50.e5 Bxe5
51.Be4 Qh6 52.Qf3 Re6 53.Kg2 Bg7 54.Bf5 Re5 55.Rxe5 Nxe5 56.Qe4 d3 57.Rd1 Bf6
58.Bd4 Re7 59.Bxe5 Rxe5 60.Qxd3 Rd5 61.Qc2 Bd4 62.Be4 Rd8 63.Qe2 Qe6 64.Bf3 Qf6
65.Qe4 Bc3 66.Rxd8+ Qxd8 67.h4 Qd2+ 68.Kh3 Bxb4 69.Qe8+ Kg7 70.Qe5+ Kg8 71.a6 Qd7+
72.Bg4 Qd3 73.Qxg5+ Kf8 74.Qh6+ Kg8 75.Qg5+ Kf8 76.h5 Qf1+ 77.Kh4 Qh1+ 78.Bh3 Qe4+
79.Bg4  1/2-1/2

[Event "ch-CZE"]
[Site "Ostrava CZE"]
[Date "2010.05.06"]
[Round "6"]
[White "Obsivac,J"]
[Black "Valickova,M"]
[Result "1/2-1/2"]
[WhiteElo "2295"]
[BlackElo "2072"]

1.d4 d5 2.c4 c6 3.Nf3 Nf6 4.Qb3 dxc4 5.Qxc4 Bf5 6.Nc3 e6 7.g3 Nbd7 8.Bg2 Be7
9.O-O O-O 10.e3 Ne4 11.Nd2 Nxc3 12.bxc3 Bg6 13.Qe2 Qa5 14.Bb2 e5 15.Rfe1 Nb6
16.e4 f6 17.Nc4 Nxc4 18.Qxc4+ Bf7 19.Qe2 Rfd8 20.f4 Qa4 21.Red1 Bc4 22.Qf2 Bd6
23.Rd2  1/2-1/2

[Event "TCh-ISR"]
[Site "Israel ISR"]
[Date "2010.05.07"]
[Round "9"]
[White "Rodshtein,M"]
[Black "Deutsch,E"]
[Result "1-0"]
[WhiteElo "2622"]
[BlackElo "2374"]

1.d4 d5 2.Nf3 c6 3.c4 Nf6 4.Nbd2 g6 5.b3 Bg7 6.Bb2 O-O 7.e3 a6 8.Be2 Bg4
9.O-O Nbd7 10.Rc1 Re8 11.b4 dxc4 12.Nxc4 Ne4 13.a4 Nd6 14.Na5 Nb6 15.h3 Bf5
16.Ne5 Nd5 17.Qb3 Be6 18.Bf3 Qb6 19.Ba3 Nf6 20.Qb2 Rad8 21.Be2 Bc8 22.Rfd1 Nd5
23.Bf3 Nf6 24.Qe2 Nfe4 25.Qe1 Ng5 26.Be2 Nge4 27.Bf1 Nf6 28.Nb3 Nd7 29.Nf3 Bf8
30.Nc5 Qa7 31.e4 e6 32.Bb2 Bg7 33.Ne5 Nb8 34.Bc3 b6 35.Nb3 Bb7 36.a5 Nb5
37.axb6 Qxb6 38.Ba1 Bh6 39.Rc2 Nd7 40.Nc4 Qc7 41.Nca5 Nb8 42.Bb2 Bg7 43.e5 Qb6
44.Nc5 Bc8 45.h4 Nc7 46.Bc1 h6 47.h5 g5 48.f4 gxf4 49.Bxf4 Nd5 50.Bd2 Ne7
51.Nc4 Qc7 52.Qe4 Nf5 53.Be1 f6 54.g4 fxe5 55.gxf5 exf5 56.Qh4 Rf8 57.Rg2 Kh8
58.Rg6 f4 59.Nxe5  1-0

[Event "FSIMB May"]
[Site "Budapest HUN"]
[Date "2010.05.08"]
[Round "8"]
[White "Farago,S"]
[Black "Husari,Sa"]
[Result "1/2-1/2"]
[WhiteElo "2268"]
[BlackElo "2334"]

1.d4 d5 2.Nf3 Nf6 3.c4 c6 4.Qc2 dxc4 5.Qxc4 Qd5 6.Qxd5 cxd5 7.Nc3 a6 8.Bf4 Bf5
9.Rc1 Nc6 10.e3 e6 11.h3 h6 12.Be2 g5 13.Bh2 Rd8 14.Ne5 Nxe5 15.Bxe5 Bg7
16.O-O O-O 17.f3 Nd7 18.Bxg7 Kxg7 19.Na4 Rc8 20.g4 Bg6 21.Nc3 Rc6  1/2-1/2

[Event "TCh-UKR Clubs"]
[Site "Alushta UKR"]
[Date "2010.05.14"]
[Round "2"]
[White "Ledakov,A"]
[Black "Kharchenko,B"]
[Result "0-1"]
[WhiteElo "2196"]
[BlackElo "2448"]

1.d4 d5 2.c4 c6 3.Nf3 Nf6 4.Qc2 dxc4 5.Qxc4 Bg4 6.Nc3 Bxf3 7.gxf3 Nbd7 8.f4 e6
9.Bg2 Bd6 10.O-O Nd5 11.e3 g6 12.Bd2 O-O 13.Ne4 N7f6 14.Nxd6 Qxd6 15.e4 Nb6
16.Qc5 Qxc5 17.dxc5 Na4 18.Bb4 Nh5 19.f5 Rfd8 20.Bf3 Nf4 21.Ba3 Rd2 22.Rfd1 Rad8
23.Rxd2 Rxd2 24.Rd1 Rd3 25.Rxd3 Nxd3 26.b4 Nc3 27.Kf1 gxf5 28.exf5 e5 29.f6 Nb1
30.Be2 Nd2+ 31.Kg1 e4 32.Bg4 Nc4 33.b5 Nxa3 34.b6 axb6 35.cxb6 Nc4 36.Bc8 Nc5
37.Bf5 Nxb6 38.Kf1 Nd5 39.Ke2 Nxf6 40.Ke3 Nd5+ 41.Kd4 b6  0-1

[Event "Chladek & Tintera Open"]
[Site "Hradec Kralove CZE"]
[Date "2010.05.15"]
[Round "1"]
[White "Loktiev,I"]
[Black "Steinhauserova,A"]
[Result "1-0"]
[WhiteElo "2225"]
[BlackElo "1818"]

1.d4 d5 2.Nf3 Nf6 3.c4 c6 4.Qc2 e6 5.g3 Bd6 6.Bg2 Nbd7 7.O-O e5 8.cxd5 Nxd5
9.Nc3 Nb4 10.Qb3 exd4 11.Nxd4 Nf6 12.Bg5 Be7 13.Rfd1 Qa5 14.Bxf6 Bxf6 15.a3 Bxd4
16.Rxd4 Na6 17.Re4+ Kf8 18.Rd1 g6 19.Rf4 Qc7 20.Ne4 h6 21.Rd8+  1-0

[Event "4th All China Games Rapid"]
[Site "Hefei CHN"]
[Date "2010.05.17"]
[Round "2"]
[White "Tan Zhongyi"]
[Black "Zhang Pengxiang"]
[Result "0-1"]
[WhiteElo "2435"]
[BlackElo "2616"]

1.d4 d5 2.c4 c6 3.Nf3 dxc4 4.e3 Be6 5.a4 Nf6 6.Nc3 Bd5 7.Ne5 Nbd7 8.Nxc4 e6
9.Nxd5 exd5 10.Nd2 a5 11.Bd3 Bd6 12.O-O O-O 13.b3 Qe7 14.Bb2 Rfe8 15.h3 Nf8
16.Qc1 Bb8 17.Re1 Ng6 18.Ba3 Qc7 19.g3 h5 20.e4 h4 21.e5 hxg3 22.fxg3 Nxe5
23.dxe5 Rxe5 24.Nf1 Ba7+ 25.Kg2 Qb6 26.Nh2 Qf2+ 27.Kh1 Nh5 28.Rg1 Nxg3+ 29.Rxg3 Qxg3
30.Qf1 Re3 31.Bf5 Rae8 32.Qg2 Re1+ 33.Rxe1 Rxe1+ 34.Nf1 Qxb3 35.Bb2 Rxf1+
36.Qxf1 Qxb2 37.Qe1 g6  0-1

[Event "ch-CAT"]
[Site "Sabadell ESP"]
[Date "2010.05.18"]
[Round "2.2"]
[White "Gual Pascual,A"]
[Black "Magem Badals,J"]
[Result "0-1"]
[WhiteElo "2459"]
[BlackElo "2585"]

1.d4 d5 2.c4 c6 3.Nf3 Nf6 4.Nbd2 Bf5 5.Nh4 Be4 6.f3 Bg6 7.e3 e6 8.Nxg6 hxg6
9.Qc2 Nh5 10.Rg1 Nd7 11.Qb3 Rb8 12.f4 Qa5 13.Bd3 Nhf6 14.Ke2 c5 15.Nf3 b5
16.Bd2 Qc7 17.Qc2 bxc4 18.Bxg6 cxd4 19.exd4 fxg6 20.Qxg6+ Kd8 21.Ng5 Kc8
22.Nxe6 Qc6 23.f5 Rxb2 24.Rgd1 c3 25.Rac1 Bb4 26.Ke3 c2 27.Bxb4 cxd1=N+  0-1